000
00225 a2200097 4500
001
52583
100
_a
Porat, D I
245
_a
Introduction to Digital Techniques
260
_a
New York
_b
John Wiley
_c
090
_c
33070
_d
33070
942
_a
NUST-CAE
_c
M
_c
25637
999
_c
287656
_d
287656